Everyday Hebrew : twenty-nine simple conversations with English translation and full grammatical introduction /

Bibliographic Details
Main Author: Rabin, Chaim
Format: Book
Language:English
Published: London : J.M. Dent, [1943]
Subjects:

MARC

Tag First Indicator Second Indicator Subfields
LEADER 00000cam a2200000 a 4500
001 in00000008617
005 20151003080007.0
008 860827s1943 enkaf 00010 eng
010 |a  43018300  
035 |a (OCoLC)14155024 
035 |9 AAA1014AM 
040 |a VUT  |c VUT  |d m/c  |d TXA  |d UtOrBLW 
041 0 |a eng  |h heb 
050 0 0 |a PJ5014  |b .R3 
100 1 |a Rabin, Chaim. 
245 1 0 |a Everyday Hebrew :  |b twenty-nine simple conversations with English translation and full grammatical introduction /  |c by Chaim Rabin. 
264 1 |a London :  |b J.M. Dent,  |c [1943] 
300 |a 127 pages, 6 unnumbered pages of plates :  |b illustrations ;  |c 19 cm. 
336 |a text  |b txt  |2 rdacontent 
337 |a unmediated  |b n  |2 rdamedia 
338 |a volume  |b nc  |2 rdacarrier 
650 0 |a Hebrew language  |x Conversation and phrase books. 
650 0 |a Hebrew language  |x Grammar. 
999 |a MARS 
999 f f |s 8c833a0d-61a4-3cc3-9c79-096f20d362ba  |i 7a9479b2-5089-33eb-b5ae-f22ee38ca49f  |t 0 
952 f f |p ric  |a Texas A&M University  |b Rellis Campus  |c Joint Library Facility  |s JLF  |d Remote Storage  |t 0  |e PJ5014 .R3  |h Library of Congress classification  |i unmediated -- volume  |m A14812561873 
998 f f |a PJ5014 .R3  |t 0  |l Remote Storage